00899nam a2200229Ia 4500003000900000008004100009020003200050022002200082022002300104040001600127100002500143245007800168260003100246300001400277490002800291700002500319700002100344856010800365942000700473999001700480952017200497IN-BaIIA211028s9999 xx s 000 0 eng d a 978-2-7598-0380-4 (Online) a1633-4760 (Print) a1638-1963 (Online) cIIA Library aZinnecker, H., ed.  0a2nd ARENA Conference: The Astrophysical Science Cases at Dome Ch[eBook] aFrancebEDP Sciencesc2008 aix, 324p. aEAS Publications Series aEpchtein, N. 938180 aRauer, H.931469 uhttps://www.eas-journal.org/articles/eas/abs/2008/06/contents/contents.htmlyClick Here to Access eBook cEB c20627d20627 00104070aBANbBANd2013-01-01eEDP ScienceshV. 33l0pEB87r2021-11-05uhttps://www.eas-journal.org/articles/eas/abs/2008/06/contents/contents.htmlw2021-11-05yEB